Les élèves du M2 MEEF - Statistiques

Statistiques générales
  • Ce quiz a été pris 4 fois
  • Le résultat moyen est 54 sur 81
Statistiques - réponses
Sexe Prénom % Correct
F Aline
100%
F Chloé
100%
F Clémence
100%
F Clhoé
100%
F Colombe
100%
G Djibril
100%
G Guillaume
100%
G Haitem
100%
F Honorine
100%
G Ismaël
100%
F Juliette
100%
F Juliette
100%
F Juliette
100%
G Lochan
100%
F Luna
100%
F Marie
100%
F Mathilde
100%
F Morgane
100%
G Nathan
100%
G Romain
100%
F Romane
100%
G Solal
100%
G Steven
100%
G Thomas
100%
F Adeline
75%
F Audrey
75%
F Audrey
75%
G Aymeric
75%
G Benjamin
75%
F Charlotte
75%
F Corinne
75%
F Emeline
75%
F Garance
75%
F Jade
75%
F Jeanne
75%
F Jeanne
75%
F Kaëlle
75%
G Kyllian
75%
F Laura
75%
F Lily
75%
G Mathyas
75%
G Maxime
75%
F Noémie
75%
F Océane
75%
F Pauline
75%
F Pauline
75%
F Pauline
75%
F Rose
75%
F Sarah
75%
F Aleyna
50%
F Amy
50%
F Angéline
50%
G Axel
50%
F Elisa
50%
F Emilie
50%
F Halima
50%
F Lana
50%
F Léa
50%
F Léa
50%
F Léa
50%
F Lolly
50%
G Matthieu
50%
F Nassima
50%
F Rachel
50%
F Aëla
25%
F Aissata
25%
F Annaëlle
25%
F Camille
25%
F Claire
25%
F Clara
25%
F Julia
25%
F Lucie
25%
F Lucille
25%
F Manon
25%
F Nastajia
25%
F Nolwenn
25%
G Tristan
25%
F Cléa
0%
F Estelle
0%
F Lorène
0%
G Victor
0%
Aucun quiz correspondant
Distribution des résultats
% des personnes avec chaque résultat
Percentile par nombre de réponses
Votre historique - résultats
Vous n’avez pas pris ce quiz